000 01320cam a2200241 4500
001 ##L135654
008 061122n2006 000 0 eng u
035 _a(Sirsi) u135654
041 0 _aeng
050 0 4 _a380.1 $2 18
110 2 _aFocus
_93296
245 0 0 _aCommercial auction analysis guide
_bhalf year 2006
260 _aLondon
_bFocus
_c2006
490 0 _aFocus Commercial Auction Analysis Guide
_vHalf Year 2006
520 _aReports that commercial auctioneers have offered 13% more lots and sold 14% more lots in the first half of 2006 compared to the same period in 2005. Jones Lang LaSalle is the top auction firm with sales of £308m, followed by Allsop. Retail lots retained the top spot, accounting for over three quarters of all lots sold. Includes number and value of lots sold by type; commercial lots for 2005 and 2006 sold by auctioneer; disclosed value of lots sold by the top 20 auctioneers; and average value of lots by region.
590 _aKA
650 2 4 _aFOCUS COMMERCIAL AUCTION ANALYSIS GUIDE
651 4 _aGREAT BRITAIN
690 _aPROPERTY-COMMERCIAL PROPERTY-COMMERCIAL PROPERTY MARKET
690 _aPROPERTY-COMMERCIAL PROPERTY-AUCTIONEERING COMMERCIAL PROPERTY
856 4 0 _uhttps://www.focusnet.co.uk
_zView the item free of charge at www.focusnet.co.uk...
942 _n0
999 _c106130
_d106130